National income and social accounting
Guardado en:
| Autor principal: | |
|---|---|
| Formato: | Libro |
| Lenguaje: | Undetermined |
| Publicado: |
London
Hutchingson university library
1961
|
| Materias: | |
| Etiquetas: |
Agregar Etiqueta
Sin Etiquetas, Sea el primero en etiquetar este registro!
|
| Thư viện lưu trữ: | Trung tâm Học liệu Trường Đại học Cần Thơ |
|---|
| LEADER | 00496nam a2200181Ia 4500 | ||
|---|---|---|---|
| 001 | CTU_80439 | ||
| 008 | 210402s9999 xx 000 0 und d | ||
| 082 | |a 339.3 | ||
| 082 | |b E22 | ||
| 100 | |a Edey, Harold C. | ||
| 245 | 0 | |a National income and social accounting | |
| 245 | 0 | |c Harold C. Edey | |
| 260 | |a London | ||
| 260 | |b Hutchingson university library | ||
| 260 | |c 1961 | ||
| 650 | |a National income | ||
| 904 | |i Trọng Hải | ||
| 980 | |a Trung tâm Học liệu Trường Đại học Cần Thơ | ||